<?xml version="1.0" encoding="UTF-8"?>
<marc:record xmlns:marc="http://www.loc.gov/MARC21/slim">
   <marc:leader>00000nam a2200000 a 4500</marc:leader>
   <marc:datafield ind1="1" ind2=" " tag="100">
      <marc:subfield code="a">Simsa, Marko</marc:subfield>
      <marc:subfield code="4">aut</marc:subfield>
      <marc:subfield code="e">Verfasser/-in</marc:subfield>
   </marc:datafield>
   <marc:datafield ind1="0" ind2="0" tag="245">
      <marc:subfield code="a">Klassik-Hits für Kinder</marc:subfield>
   </marc:datafield>
   <marc:datafield ind1="0" ind2="0" tag="245">
      <marc:subfield code="c">Marko Simsa</marc:subfield>
   </marc:datafield>
   <marc:datafield ind1=" " ind2="1" tag="264">
      <marc:subfield code="a">Hamburg</marc:subfield>
      <marc:subfield code="b">Jumbo Neue Medien&amp;Verlag GmbH</marc:subfield>
      <marc:subfield code="c">2001</marc:subfield>
   </marc:datafield>
   <marc:datafield ind1="1" ind2=" " tag="520">
      <marc:subfield code="a">Eine abwechslungsreiche Auswahl klassischer Stücke für Kinder. Zu hören gibt es viele bekannte Melodien. Mit kurzen interessanten Geschichten leitet Marko Simsa jedes ausgewählte Stück ein.Als Regisseur und Schauspieler bringt Marko Simsa seit über zehn Jahren klassische Konzerte und Theaterstücke für Kinder auf die Bühne. Produktionen wie "Peter und der Wolf", "Bilder einer Ausstellung", "Mozart für Kinder", "Schubertiade für Kinder" zeigte er unter anderem im Wiener Konzerthaus und im Musikverein, am Salzburger Mozarteum, am Innsbrucker Konservatorium, beim Musikfest Bremen, bei den Darmstädter Sitzkissenkonzerten und bei den Münchner Tagen des Spiels.</marc:subfield>
   </marc:datafield>
   <marc:datafield ind1="0" ind2=" " tag="490">
      <marc:subfield code="v">0</marc:subfield>
   </marc:datafield>
   <marc:datafield ind1=" " ind2=" " tag="300">
      <marc:subfield code="a">1 CD 52:07 min</marc:subfield>
   </marc:datafield>
</marc:record>
